=LDR 00000nam 2200000 4500 =001 INLIS000000000021261 =005 20130612120131 =008 ***********************************Ind** =035 ##$$0010-061300000021261 =041 ##$$a Ind =082 ##$$a 371.394 4 =090 ##$$a 371.394 4, Jan r =100 ##$$a Djamarah, Syaiful Bahri =245 ##$$a Rahasia sukses belajar, Drs. Syaiful Bahri Djamarah =260 ##$$a 2002 $b Jakarta =300 ##$$a x, 133 hlm, 21 cm =650 ##$$a Pendidikan =850 ##$$a NBPNMAT =990 ##$$a 93733/BPAP-NTB/2014 =990 ##$$a 21400613/BPAP-NTB/20142014 =990 ##$$a 0001/BPAP-NTB/20142015 =990 ##$$a 0001/BPAP-NTB/20142015 =990 ##$$a 0252/BPAP-NTB/2015